| 000 | 00612cam a2200205 4500500 | ||
|---|---|---|---|
| 005 | 20260405003958.0 | ||
| 041 | _afre | ||
| 042 | _adc | ||
| 100 | 1 | 0 |
_aShankland, Rébecca _eauthor |
| 700 | 1 | 0 |
_aMoreau, Anne-Sophie _eauthor |
| 245 | 0 | 0 | _aÊtre altruiste, ça rend heureux ? |
| 260 | _c2025. | ||
| 500 | _a40 | ||
| 690 | _aAide | ||
| 690 | _aAltrusime | ||
| 690 | _aAutrui | ||
| 690 | _aBien-être | ||
| 786 | 0 | _nPhilosophie magazine | 195 | 13 | 2025-12-01 | p. 88-92 | 1951-1787 | |
| 856 | 4 | 1 | _uhttps://shs.cairn.info/magazine-philosophie-magazine-2025-13-page-88?lang=fr&redirect-ssocas=7080 |
| 999 |
_c2072606 _d2072606 |
||